Регионална библиотека "Любен Каравелов" - Русе

Повишаване ефективтността на икономиката чрез по-палното използване на основните фондове в промишлеността на град Русе (Запис номер 447127)

MARC детайли
000 -Лидер
Контролно поле с фиксирана дължина 01116nam a2200253 a 4500
003 - Код на организацията, давaща контролен номер
Контролно поле BLK
005 - Дата и час на последна редакция
Контролно поле 20230628140231.0
008 - Елементи от данни с фиксирана дължина
fixed length control field 180410b bul|||||r ||||||| ||bul||
040 ## - Източник на каталожния запис
Идентификатор на билиотеката - собственик на записа BLK
041 ## - Код за език
Код за езика на текст/звукозапис или на отделно заглавие Български
Код за езика КДБФ Български
080 ## - УДК
Текстов определител УДК Икономика на промишлеността. Промишлено производство
УДК код - определител по УДК 338.45
УДК определител (497.21)(062)
УДК - код + определител 338.45(497.21)(062)
139 ## - Редно поле
Авторски знак Пов - П 63
245 10 - Сведения за заглавието
Заглавие Повишаване ефективтността на икономиката чрез по-палното използване на основните фондове в промишлеността на град Русе
Подзаглавни данни Доклад пред пленум на Градския комитет на БКП
Физически носител (вид на носителя) [Малотир. изд.]
260 ## - Област на издателските данни
Място на издаване, разпространение и проч. Русе
Име на издателя, разпространителя и проч. ОК на БКП - Русе
Година на издаване 1978
9 (RLIN) 218041
300 ## - Физическа характеристика
Страници 94 с.
Размери/Мащаб 21 см
380 ## - Жанр
Жанр Обществени науки
650 #0 - Допълнително описание по предмет – тема
9 (RLIN) 317889
Основно описание – тема или топоним БКП - икономическа политика
653 #7 - Ключова дума – ненормативна
9 (RLIN) 194725
Ключова дума промишленост
852 ## - Местоположение
Фондова буква Краезнание
Систематично-азбучна сигнатура К 338.4/П 63
856 4# - Електронен адрес и достъп
Електронен формат pdf - файл
856 4# - Електронен адрес и достъп
Електронен формат pdf - файл
999 ## - СИСТЕМНИ КОНТРОЛНИ НОМЕРА
Koha biblionumber 447127
Koha biblioitemnumber 447127
942 ## - АРТИКУЛИ
Вид на библиотечния материал Книги
Скрит в OPAC Не
Периодичен библиозапис Да
Koha issues (borrowed), all copies 1
944 ## - СЪЗДАВАНЕ И РЕДАКЦИЯ на ЗАПИСА
Създаване/Редакция Създаване
Дата на регистрацията/редакция 2022-03-04
Служител, извършил регистрацията/редакцията вр
Наличности
Код за отписване Код за изгубен артикул Източник на класификационната схема Код за повреда Коз за рестрикции Код за отдаване Артикулен № Име на библиотеката - собственик Име на библиотеката, в която се намира в момента Статус (Текущо местоположение) Дата на вписване в системата Местоположение - отдел Цена в лева Систематично азбучна сигнатура Баркод Цена в евро Служебен тип на артикула
  Не е изгубен Universal Decimal Classification Не е повреден само за читалня ползва се в читалня 874875 Регионална библиотека "Любен Каравелов" Русе Регионална библиотека "Любен Каравелов" Русе Краезнание 2022-03-11 Краезнание 1.00 К 338.4/П 63 120000867902 0.51 Книги
Vip Innovations Ltd, Rousse, Bulgaria 2025